Earthquake resistant design and risk reduction / (Record no. 553595)
[ view plain ]
| 000 -LEADER | |
|---|---|
| fixed length control field | 00835cam a2200241 a 4500 |
| 020 ## - INTERNATIONAL STANDARD BOOK NUMBER | |
| International Standard Book Number | 0470778156 (cloth) |
| 020 ## - INTERNATIONAL STANDARD BOOK NUMBER | |
| International Standard Book Number | 9780470778159 (cloth) |
| 082 00 - DEWEY DECIMAL CLASSIFICATION NUMBER | |
| Classification number | 624.1762 |
| Author Mark | DOW |
| -- | L-38,P-119 |
| 100 1# - MAIN ENTRY--PERSONAL NAME | |
| Personal name | Dowrick, David J. |
| 9 (RLIN) | 31867 |
| 245 10 - TITLE STATEMENT | |
| Title | Earthquake resistant design and risk reduction / |
| Statement of responsibility, etc. | David Dowrick. |
| 250 ## - EDITION STATEMENT | |
| Edition statement | 2nd ed. |
| 260 ## - PUBLICATION, DISTRIBUTION, ETC. | |
| Place of publication, distribution, etc. | Chichester, U.K. : |
| Name of publisher, distributor, etc. | Wiley, |
| Date of publication, distribution, etc. | 2009. |
| 300 ## - PHYSICAL DESCRIPTION | |
| Extent | xvi, 530 p. : |
| Other physical details | ill., maps ; |
| Dimensions | 26 cm. |
| 500 ## - GENERAL NOTE | |
| General note | Rev. ed. of: Earthquake risk reduction. 2003. |
| 526 ## - STUDY PROGRAM INFORMATION NOTE | |
| Program name | 0 |
| Interest level | 0 |
| Reading level | 0 |
| Title point value | 624_176200000000000_DOW |
| 526 ## - STUDY PROGRAM INFORMATION NOTE | |
| Program name | 0 |
| Interest level | 0 |
| Reading level | 0 |
| Title point value | 624_176200000000000_DOW |
| 526 ## - STUDY PROGRAM INFORMATION NOTE | |
| Program name | 0 |
| Interest level | 0 |
| Reading level | 0 |
| Title point value | 624_176200000000000_DOW |
| 650 #0 - SUBJECT ADDED ENTRY--TOPICAL TERM | |
| Topical term or geographic name entry element | Earthquake engineering. |
| 650 #0 - SUBJECT ADDED ENTRY--TOPICAL TERM | |
| Topical term or geographic name entry element | Earthquake hazard analysis. |
| 9 (RLIN) | 31868 |
| 650 #0 - SUBJECT ADDED ENTRY--TOPICAL TERM | |
| Topical term or geographic name entry element | Earthquake resistant design. |
| 9 (RLIN) | 652 |
| 700 1# - ADDED ENTRY--PERSONAL NAME | |
| Personal name | Dowrick, David J. |
| 9 (RLIN) | 31867 |
| 942 ## - ADDED ENTRY ELEMENTS (KOHA) | |
| Source of classification or shelving scheme | |
| Koha item type | Book |
| Withdrawn status | Lost status | Source of classification or shelving scheme | Damaged status | Not for loan | Permanent Location | Current Location | Date acquired | Total Checkouts | Full call number | Barcode | Date last seen | Price effective from | Koha item type |
|---|---|---|---|---|---|---|---|---|---|---|---|---|---|
| Military College of Engineering (MCE) | Military College of Engineering (MCE) | 08/24/2015 | 624.1762 DOW | MCE-50163 | 09/04/2015 | 08/24/2015 | Book | ||||||
| Military College of Engineering (MCE) | Military College of Engineering (MCE) | 11/01/2016 | 624.1762 DOW | MCE-47459 | 11/01/2016 | 11/01/2016 | Book | ||||||
| Military College of Engineering (MCE) | Military College of Engineering (MCE) | 12/20/2018 | 624.1762 DOW | MCE-50723 | 12/20/2018 | 12/20/2018 | Book |
